000 00473nam a2200193Ia 4500
005 20240823024452.0
008 240823s9999||||xx |||||||||||||| ||und||
020 _a978-93-80228-17-4
041 _aENGLISH
082 _A658.45 P9
100 _aTripathi P S
245 0 _aCommunication Management
250 _a1st
260 _c2009
_bGlobal India Publication Pv
500 _aYES
650 _aCommunications
_bManagement Studies
942 _cBK
999 _c183993
_d183993